| Virtuální polytechnická knihovna - Souborný katalog - Úplný záznam dokumentu - MARC |
Uživatel: --- |
-----nas 22-----zu 4500
001 SKVPK0031842
003 CZ-VPK
005 20260422091937.0
008 260422d19671981||||| | ||| || |||||||
022 $a637487
040 $aABA013$bcze
222 0$aOptical spectra
245 00$aOptical spectra
260 $aSpojené státy americké :$bPittsfield : Optical Pub.,$c1967-1981
650 07$afyzika$xfy$2psh
780 00$tNews and notes of the optical industry
785 00$tPhotonics spectra$x0731-1230
910 $aABA013$r1974-1981
| čtvrtek 14.05.2026 09:24:56 |
© 2001-2015 Národní technická knihovna |
[Virtuální polytechnická knihovna]
[Servisní centrum]
[Souborný katalog]